000 00254nam a2200097Ia 4500
001 793555
005 20250826170651.0
008 250824s9999 xx 000 0 und d
245 0 _aPAMUK İPLİĞİNDEN HAYALLER
_cMARIE BOSTWICK
260 _bARKADYA YAYINLARI
999 _c793555
_d793555